| 000 | 00348nam a2200145Ia 4500 | ||
|---|---|---|---|
| 008 | 191201s2009 xx 000 0 und d | ||
| 082 |
_a658.4034 _bSHO |
||
| 100 | _aSHARMA, J K | ||
| 245 | 0 | _aOperation Research Theory and Applications | |
| 250 | _a3rd | ||
| 260 |
_aN.Delhi _bMacmillan _c2009 |
||
| 300 | _a958 | ||
| 650 | _aMBA | ||
| 942 |
_2ddc _cBK |
||
| 999 |
_c3077 _d3077 |
||